| 000 | 00456nam a2200157 a 4500 | ||
|---|---|---|---|
| 005 | 20140412111300.0 | ||
| 008 | 010416s19uu xx 00 eng d | ||
| 020 | _a971-504-102-7 | ||
| 050 |
_aTR(GS 220.9 _bG94 1993 |
||
| 100 | _aGuillemette, Nil | ||
| 245 |
_aAs a deer longs : _bGod-tales for young and old / _cNil Guillemette. |
||
| 260 |
_aMetro Manila, Philippines : _bSt. Pauls, _c1993. |
||
| 300 | _a145p. | ||
| 650 | _aGod tales | ||
| 999 |
_c103361 _d103361 |
||